Atmosphere, weather, and climate (Record no. 7194)

MARC details
000 -LEADER
fixed length control field 01089cam a2200289 a 4500
001 - CONTROL NUMBER
control field 3543260
003 - CONTROL NUMBER IDENTIFIER
control field OSt
005 - DATE AND TIME OF LATEST TRANSACTION
control field 20210909113846.0
008 - FIXED-LENGTH DATA ELEMENTS--GENERAL INFORMATION
fixed length control field 970522s1998 enkab b 001 0 eng
010 ## - LIBRARY OF CONGRESS CONTROL NUMBER
LC control number 97022866
020 ## - INTERNATIONAL STANDARD BOOK NUMBER
International Standard Book Number 0415160197 (cloth : alk. paper)
020 ## - INTERNATIONAL STANDARD BOOK NUMBER
International Standard Book Number 0415160200 (pbk. : alk. paper)
040 ## - CATALOGING SOURCE
Original cataloging agency DLC
Transcribing agency DDC
Modifying agency DLC
050 00 - LIBRARY OF CONGRESS CALL NUMBER
Classification number QC861.2
Item number .B36 1998
082 00 - DEWEY DECIMAL CLASSIFICATION NUMBER
Classification number 551.5BAR1998
100 1# - MAIN ENTRY--PERSONAL NAME
Personal name Barry,Roger G.; Chorley,Richard J.
Fuller form of name (Roger Graham),
Dates associated with a name 1935-
9 (RLIN) 14792
245 10 - TITLE STATEMENT
Title Atmosphere, weather, and climate
Statement of responsibility, etc. Edited by Barry,Roger G. and Chorley,Richard J.
250 ## - EDITION STATEMENT
Edition statement 7th ed.
260 ## - PUBLICATION, DISTRIBUTION, ETC. (IMPRINT)
Place of publication, distribution, etc. London ;
-- New York :
Name of publisher, distributor, etc. Routledge,
Date of publication, distribution, etc. 1998.
300 ## - PHYSICAL DESCRIPTION
Extent xxi,409p;
Other physical details ill,maps(some col.) ;
Dimensions 26 cm.
504 ## - BIBLIOGRAPHY, ETC. NOTE
Bibliography, etc Includes; bibliographical references and index.
650 #0 - SUBJECT ADDED ENTRY--TOPICAL TERM
Topical term or geographic name as entry element Climatology
9 (RLIN) 14793
700 1# - ADDED ENTRY--PERSONAL NAME
Personal name Chorley, Richard J.
9 (RLIN) 14794
906 ## - LOCAL DATA ELEMENT F, LDF (RLIN)
a 7
b cbc
c orignew
d 1
e ocip
f 19
g y-gencatlg
942 ## - ADDED ENTRY ELEMENTS (KOHA)
Source of classification or shelving scheme Dewey Decimal Classification
Koha item type Open Shelf

No items available.